Statistics for Canadian capitals

Click here to take the quiz!

General Stats

  • This quiz has been taken 19 times
  • The average score is 13 of 14

Answer Stats

QuestionAnswer% Correct
What is the capital of Nova Scotia?Halifax
100%
What is the capital of Canada?Ottawa
100%
What is the capital of Quebec?Quebec City
100%
What is the capital of New Brunswick?Fredericton
94%
What is the capital of Saskatchewan?Regina
94%
What is the capital of Northwest Territories?Yellowknife
94%
What is the capital of Prince Edward Island?Charlottetown
88%
What is the capital of Alberta?Edmonton
88%
What is the capital of Nunavut?Iqaluit
88%
What is the capital of Newfoundland & Labrador?St.John's
88%
What is the capital of Ontario?Toronto
88%
What is the capital of British Columbia?Victoria
88%
What is the capital of Yukon?Whitehorse
88%
What is the capital of Manitoba?Winnipeg
88%

Score Distribution

Percentile by Number Answered

Percent of People with Each Score

Your Score History

You have not taken this quiz